|
|
|
|
| LEADER |
01668nam a2200397 i 4500 |
| 001 |
EBC6033367 |
| 003 |
MiAaPQ |
| 005 |
20200326183434.0 |
| 006 |
m o d | |
| 007 |
cr cnu|||||||| |
| 008 |
200326s2020 enk o 000 0 eng d |
| 020 |
|
|
|z 9781789732467
|
| 020 |
|
|
|a 9781789732474 (e-book)
|
| 035 |
|
|
|a (MiAaPQ)EBC6033367
|
| 035 |
|
|
|a (Au-PeEL)EBL6033367
|
| 035 |
|
|
|a (OCoLC)1139938795
|
| 040 |
|
|
|a MiAaPQ
|b eng
|e rda
|e pn
|c MiAaPQ
|d MiAaPQ
|
| 050 |
|
4 |
|a HG6024.A3
|b .G756 2020
|
| 082 |
0 |
|
|a 332.6457
|2 23
|
| 100 |
1 |
|
|a Grima, Simon,
|e author.
|
| 245 |
1 |
0 |
|a Financial derivatives :
|b a blessing or a curse? /
|c by Simon Grima and Eleftherios I. Thalassinos ; edited by Rebecca Dalli Gonzi and Ioannis E. Thalassinos.
|
| 264 |
|
1 |
|a Bingley, England :
|b Emerald Publishing,
|c [2020]
|
| 264 |
|
4 |
|c 2020
|
| 300 |
|
|
|a 1 online resource (249 pages)
|
| 336 |
|
|
|a text
|b txt
|2 rdacontent
|
| 337 |
|
|
|a computer
|b c
|2 rdamedia
|
| 338 |
|
|
|a online resource
|b cr
|2 rdacarrier
|
| 588 |
|
|
|a Description based on print version record.
|
| 590 |
|
|
|a Electronic reproduction. Ann Arbor, MI : ProQuest, 2018. Available via World Wide Web. Access may be limited to ProQuest affiliated libraries.
|
| 650 |
|
0 |
|a Derivative securities.
|
| 655 |
|
4 |
|a Electronic books.
|
| 700 |
1 |
|
|a Thalassinos, Eleftherios I.,
|e author.
|
| 700 |
1 |
|
|a Dalli Gonzi, Rebecca,
|e editor.
|
| 776 |
0 |
8 |
|i Print version:
|a Grima, Simon.
|t Financial derivatives : a blessing or a curse?
|d Bingley, England : Emerald Publishing, c2020
|h 249 pages
|z 9781789732467
|
| 797 |
2 |
|
|a ProQuest (Firm)
|
| 856 |
4 |
0 |
|u https://ebookcentral.proquest.com/lib/matrademy/detail.action?docID=6033367
|z Click to View
|